[Event "Mumbai Wealth U2050 op 5th"]
[Site "Mumbai"]
[Date "2020.01.03"]
[Round "2"]
[White "Lasaroda, Prince"]
[Black "Bartakke, Aditya"]
[Result "0-1"]
[WhiteElo "1434"]
[BlackElo "1872"]
[PlyCount "50"]
[EventDate "2020.01.02"]
[EventType "swiss"]
[EventRounds "9"]
[EventCountry "IND"]
[SourceTitle "CBM 194 Extra"]
[Source "ChessBase"]
[SourceDate "2020.03.31"]
[SourceVersion "1"]
[SourceVersionDate "2020.03.31"]
[SourceQuality "1"]

1. Nf3 Nf6 2. g3 e6 3. Bg2 d5 4. 0-0 Bd6 5. c4 0-0 6. d4 c5 7. cxd5 exd5 8. Nc3 Nc6 9. a3 Re8 10. dxc5 Bxc5 11. b4 Bb6 12. Bb2 Be6 13. e3 Bg4 14. Ne2 Qe7 15. h3 Bf5 16. Rc1 Rad8 17. Nfd4 Be4 18. Rxc6 Bxg2 19. Kxg2 bxc6 20. Nxc6 Qe4+ 21. Kh2 Rd6 22. b5 Ng4+ 23. Kg1 Nxe3 24. fxe3 Qxe3+ 25. Kh1 Qe4+ 0-1